Loading...
Auditory Arts | 8 | 18.75 | 100% | 63% | 25% |
Beliefs | 10 | 15.00 | 90% | 50% | 10% |
Current Events | 2 | 10.00 | 100% | 0% | 0% |
Fine Arts - Other Arts | 7 | 15.71 | 86% | 57% | 14% |
Geography | 1 | 20.00 | 100% | 0% | 100% |
History - American History | 2 | 10.00 | 100% | 0% | 0% |
History - Ancient History | 2 | 20.00 | 100% | 50% | 50% |
History - European History | 3 | 13.33 | 100% | 33% | 0% |
History - Other History | 2 | 20.00 | 100% | 100% | 0% |
History - World History | 8 | 22.50 | 100% | 75% | 50% |
Literature - American Literature | 6 | 10.00 | 100% | 0% | 0% |
Literature - British Literature | 7 | 12.86 | 86% | 29% | 14% |
Literature - European Literature | 2 | 10.00 | 100% | 0% | 0% |
Literature - World Literature | 5 | 16.00 | 80% | 80% | 0% |
Other Academic | 1 | 10.00 | 0% | 100% | 0% |
Philosophy | 3 | 6.67 | 67% | 0% | 0% |
Science - Biology | 4 | 12.50 | 100% | 25% | 0% |
Science - Chemistry | 5 | 12.00 | 100% | 0% | 20% |
Science - Other Science | 4 | 12.50 | 100% | 0% | 25% |
Science - Physics | 4 | 10.00 | 75% | 25% | 0% |
Social Science | 4 | 12.50 | 75% | 50% | 0% |
Visual Arts | 3 | 10.00 | 100% | 0% | 0% |